DFB-Pokal Torschützen 2024/2025 - Statistiken

Allgemein
  • Dieses Quiz wurde 139 mal gespielt
  • Das Durchschnittsergebnis liegt bei 5 aus 11
Antwortstatistiken
Tore Verein Spieler % Korrekt
4 Bayer 04 Leverkusen Patrik Schick
89%
5 VfB Stuttgart Nick Woltemade
85%
4 RB Leipzig Benjamin Šeško
63%
3 FC Bayern München Jamal Musiala
61%
3 RB Leipzig Loïs Openda
61%
3 Eintracht Frankfurt Hugo Ekitiké
55%
3 VfB Stuttgart Enzo Millot
42%
3 Arminia Bielefeld Marius Wörl
31%
3 SV Werder Bremen Keke Topp
26%
3 FC Augsburg Samuel Essende
19%
3 1. FC Heidenheim Maximilian Breunig
7%
Keine übereinstimmenden Quizze gefunden
Verteilung der Resultate
Anzahl Personen mit jedem Resultat
Perzentil nach korrekt beantworteten Fragen
Ihre Resultats-Entwicklung
Sie haben dieses Quiz noch nicht gespielt